000
00304nam a2200121Ia 4500
008
191201s2004 xx 000 0 und d
100
_a
PLAWAT, Vivek
245
0
_a
Spinning Tablet I Blowroom
260
_a
N.Delhi
_b
The Textile Association
_c
2004
300
_a
27
650
_a
B.Tech(TE)
942
_2
ddc
_c
BK
999
_c
3438
_d
3438